| 000 | 00857ngm a22003370a 4500 | ||
|---|---|---|---|
| 001 | PT43187 | ||
| 003 | AR-LpoUNG | ||
| 005 | 20210201232341.0 | ||
| 007 | co ||u|||uuuuu | ||
| 008 | 191001s2001||||xxu|||||||||||||||||eng d | ||
| 020 |
_a157560390X _c$9.75 |
||
| 040 |
_aAR-LpoUNG _bspa _cAR-LpoUNG _eaacr |
||
| 041 | _aeng | ||
| 044 | _axxu | ||
| 082 | 0 | _a784.6 578afr | |
| 100 | 1 | _aSilverman, Chuck | |
| 245 | 1 | 0 | _aAfro-Caribean drum grooves |
| 260 |
_aNew York : _bCherry Lane, _c2001. |
||
| 505 | 0 | _aAcompaña impreso | |
| 650 | 4 | _aENSEÑANZA | |
| 650 | 4 | _aMUSICA | |
| 651 | 4 | _aDOCUMENTOS TEORICOS O METODOLOGICOS | |
| 653 | _aBATERIA | ||
| 653 | _aEDUCACION MUSICAL | ||
| 653 | _aENSEÑANZA DE LA MUSICA | ||
| 653 | _aMUSICA AFRO-CUBANA | ||
| 653 | _aPERCUSION | ||
| 653 | _aTECNICAS MUSICALES | ||
| 905 | _a43187 | ||
| 942 | _cCDDVD | ||
| 999 |
_c53448 _d53448 |
||